00618nam a22001817a 450000500170000001000150001702000260003203500130005803700130007108200140008424501280009826000410022627000550026730000280032250000400035070000200039070000260041020140804151614.0 aENG-110168 a9789382059158c695.00 aEN-93700 bDBAD/PUB a382.71095 aFree trade and markets in healthcare :blessons from Asian countries /cedited by Philip Stevens [and] Debashis Chakraborty aNew DelhibSynergy Books Indiac2013 a24/4800 Ansari Road, Darya GanjbNew Delhie110002 axxviii,180p. c24cm(Hb) aIncludes bibliographical references aStevens, Philip aChakraborty, Debashis